000 00759 a2200205 4500
010 _aENG-89880
020 _c590.00
_a818220139X
035 _aEN-73413
037 _bDBAD / PUB
082 1 4 _a270.261
090 _c11925
_d11925
100 1 _aAkbar Husain
245 1 _aIslamic psychology:
_cby Akbar Husain
_bemergence of a new field/
260 _aNew Delhi
_bGlobal Vision Publishing House
_c2006
270 _aF-4, 1st Floor, `Hari Sadan' 20, Ansari Road, Daryaganj,
_bNew Delhi
_e110 002
_cDelhi
_k32971125,
300 _axiii, 222p.
_c23 cm ( Hb)
500 _aIncludes bibliographical references & index.
942 _adpl
_cEN
_k270.261 / AKB
999 _c11571
_d11571